000 01296cab a2200253 4500
001 ABS55057
008 090401t1996 xxu||||| |||| 00| 0 eng d
035 _a(Sirsi) u13865
041 _aeng
245 _aPaul Butcher v SoS Environment and Maidstone BC
260 _c1996
350 _a0
490 _aProperty and Compensation Reports
_v[1996] 71 P&CR 337-349(7)
520 _aQBD 11 August 1995. In 1983 the Crystal Paper Company (C) licensed part of a transport yard and buildings for the purpose of stripping, cutting and packing paper. In 1985 C appealed against an enforcement notice requiring that use to cease, C appealed and in 1986 planning permission was granted stating the premises only to be used for paper; however the land continued to be used for its original purpose of haulage and storage purposes by Paul Butcher who appealed against enforcement notices issued in 1993 and 1994. At dispute was whether the 1986 permission was valid.
650 _aCRYSTAL PAPER COMPANY
650 _aENFORCEMENT NOTICES
650 _aPAPER MILL
650 _aPAUL BUTCHER V SOS ENVIRONMENT AND MAIDSTONE BC
650 _aTOWN AND COUNTRY PLANNING ACT 1971 S88
650 _aTRANSPORT YARD
690 _aPLANNING LAW AND PRACTICE-CASE LAW
942 _n0
948 _c04/03/1997
999 _c8953
_d8953